| 000 | 00345nam a2200133Ia 4500 | ||
|---|---|---|---|
| 008 | 260520s9999 xx 000 0 und d | ||
| 020 | _a9789699477 | ||
| 082 | _a920.5491 HAS | ||
| 100 | _aHasham, Mohammed Ebrahim | ||
| 245 | 0 |
_aJourney Through Times: _bHaji Hasham Haji Ahmed 1919-1997 |
|
| 300 | _a164p. | ||
| 600 | _aBiography | ||
| 942 | _cGB | ||
| 999 |
_c33658 _d33658 |
||